LEADER 00847nam a2200217 u 4500 001 000000081113 003 CaOOAMICUS 005 20070226123724.0 008 050315s1936 it u000 u ita u 035 $a11034102 040 $aPUL(R)$bita 245 02$aL'anima della cooperazione missionaria. 260 $aRoma :$bUnione missionaria del clero in Italia,$c[1936] 300 $a63 p. ;$c25 cm 500 $aIn testa al front.: Omnis Terra adoret Te!. 650 4$aMissioni cattoliche.$0(OLS)http://pul/subject/7697 850 $aPUL 852 $aPUL$W1$xDP1 Fondo Cecchetti$y53$m260 V 110$j103520$nBK-PRI$b $qFondi$B103520$CPULBib$Z2$F103520 $82 941 1 $a1 996 $6245$aL'anima della cooperazione missionaria$9(OLS)http://pul/title/106128 996 $6260$aRoma :$bUnione missionaria del clero in Italia$9(OLS)http://pul/publisher/75954 LEADER 01338nam a2200289 a 4500 001 000000116226 003 CaOOAMICUS 005 20090616110026.0 008 090616s2009 it u100 u ita r 020 $a88-14-14398-6 040 $aPUL$bita$dLDB 245 00$aParola di Dio e missione della Chiesa :$baspetti giuridici /$ca cura di Davide Cito e Fernando Puig. 260 $aMilano :$bGiuffrè,$c2009. 300 $axii, 402 p. ;$c23 cm. 490 1 $aMonografie giuridiche ;$v035 504 $aBibliografia in nota. 650 4$aMagistero ecclesiastico.$0(OLS)http://pul/subject/2042 700 1 $aPuig, Fernando.$0(OLS)http://pul/name/72181 700 1 $aCito, Davide,$c1956-$0(OLS)http://pul/name/59395 830 0$aMonografie giuridiche (Pontificia Università della Santa Croce) ;$v0035.$0(OLS)http://pul/title/65751 850 $aPUL 852 $aPUL$W1$xSL Diritto Canonico 3$y77$m262. 99 CAN.5 1.35$j133169$qDDC 21$B132194$CPULBib$Z2$F132194 $H110616 $82 941 1 $a9 983 0$aMonografie giuridiche (Centro Accademico Romano della Santa Croce) 996 $6020$a88-14-14398-6$9(OLS)http://pul/number/141143 996 $6245$aParola di Dio e missione della Chiesa :$baspetti giuridici$9(OLS)http://pul/title/146067 996 $6260$aMilano :$bGiuffrè$9(OLS)http://pul/publisher/48401